Guia visual de la obra completa de Antonio Gaudi / (Registro nro. 12158)
[ vista simple ]
| 000 -LEADER | |
|---|---|
| longitud fija campo de control | 01810nam a22005777a 4500 |
| 003 - IDENTIFICADOR DE NUMERO DE CONTROL | |
| control del campo | AR-RoUNA |
| 005 - FECHA DE LA ULTIMA MODIFICACION | |
| control del campo | 20251006073518.0 |
| 008 - CAMPO DE CONTROL - LIBROS | |
| longitud fija campo de control | 251003b |||||||| |||| 00| 0 spa d |
| 020 ## - INTERNATIONAL STANDARD BOOK NUMBER | |
| ISBN | 9788496783843 |
| 040 ## - ORIGEN DE LA CATALOGACION | |
| Agencia que cataloga la obra original | AR-RoUNA |
| Idioma en que se cataloga | spa |
| Entidad que modifico el registro | AR-RoUNA |
| 041 ## - CODIGO DE IDIOMA | |
| Codigo de idioma del texto / sonido o titulo separado | spa |
| 044 ## - CODIGO DE PAIS / ENTIDAD PRODUCTORA | |
| Codigo MARC del pais | ag |
| 245 10 - TITULO PROPIAMENTE DICHO | |
| Titulo | Guia visual de la obra completa de Antonio Gaudi / |
| Mencion de responsabilidad, etc | fotografias de Giordano Rodriguez y Nicolas Palmisano |
| 250 ## - MENCION DE EDICION | |
| Edicion declarada | 1a. ed. |
| 260 ## - EDITORIAL - PUBLICACION, DISTRIBUCION, ETC. (Pie de imprenta) | |
| Lugar de publicacion, distribucion, etc | Barcelona : |
| Nombre del editor, distribuidor, etc | Dos Arte Ediciones, S.L, |
| Fecha de publicacion | 2015 |
| 300 ## - DESCRIPCION FISICA | |
| Extension | 239 p.: |
| Otros detalles fisicos | fot. col., |
| -- | planos, |
| Dimensiones | 20x18 cm |
| 505 0# - NOTA DE CONTENIDO CON FORMATO | |
| Título | SUMARIO |
| 505 0# - NOTA DE CONTENIDO CON FORMATO | |
| Título | 01. Antoni Gaudi /p.6 |
| 505 0# - NOTA DE CONTENIDO CON FORMATO | |
| Título | 02. Casa Vicens /p.14 |
| 505 0# - NOTA DE CONTENIDO CON FORMATO | |
| Título | 03. El Capricho /p.26 |
| 505 0# - NOTA DE CONTENIDO CON FORMATO | |
| Título | 04. Sagrada Familia /p.40 |
| 505 0# - NOTA DE CONTENIDO CON FORMATO | |
| Título | 05. Finca Guell /p.66 |
| 505 0# - NOTA DE CONTENIDO CON FORMATO | |
| Título | 06. Palacio Guell /p.76 |
| 505 0# - NOTA DE CONTENIDO CON FORMATO | |
| Título | 07. Palacio Episcopal /p.92 |
| 505 0# - NOTA DE CONTENIDO CON FORMATO | |
| Título | 08. Colegio Teresiano /p.104 |
| 505 0# - NOTA DE CONTENIDO CON FORMATO | |
| Título | 09. Casa Botines /p.116 |
| 505 0# - NOTA DE CONTENIDO CON FORMATO | |
| Título | 10. Bodegas Guell /p.128 |
| 505 0# - NOTA DE CONTENIDO CON FORMATO | |
| Título | 11. Casa Calvet /p.138 |
| 505 0# - NOTA DE CONTENIDO CON FORMATO | |
| Título | 12. Cripta Guell /p.148 |
| 505 0# - NOTA DE CONTENIDO CON FORMATO | |
| Título | 13. Torre Bellesguard /p.160 |
| 505 0# - NOTA DE CONTENIDO CON FORMATO | |
| Título | 14. Park Guell /p.170 |
| 505 0# - NOTA DE CONTENIDO CON FORMATO | |
| Título | 15. Jardines Artigas /p.188 |
| 505 0# - NOTA DE CONTENIDO CON FORMATO | |
| Título | 16. Catedral de Mallorca /p.196 |
| 505 0# - NOTA DE CONTENIDO CON FORMATO | |
| Título | 17. Casa Batllo /p.208 |
| 505 0# - NOTA DE CONTENIDO CON FORMATO | |
| Título | 18. La Pedrera /p.224 |
| 600 #0 - MATERIA - NOMBRES PERSONALES | |
| 9 (RLIN) | 1378 |
| Nombre personal | Gaudí, Antoni |
| Fechas asociadas con el nombre | 1852-1926 |
| 650 #4 - MATERIA - TERMINO TEMATICO | |
| Término temático general | Arquitectura española |
| 650 #4 - MATERIA - TERMINO TEMATICO | |
| Término temático general | Historia |
| 650 #4 - MATERIA - TERMINO TEMATICO | |
| Término temático general | Modernismo |
| 650 #4 - MATERIA - TERMINO TEMATICO | |
| Término temático general | Artistas españoles |
| 650 #4 - MATERIA - TERMINO TEMATICO | |
| Término temático general | Planos |
| 650 #4 - MATERIA - TERMINO TEMATICO | |
| Término temático general | Simbologia |
| 651 #4 - MATERIA - NOMBRE GEOGRAFICO | |
| Termino geografico | España |
| 9 (RLIN) | 2108 |
| 700 1# - ENTRADA SECUNDARIA - NOMBRES PERSONALES | |
| Nombre personal | Rodriguez, Giordano |
| 9 (RLIN) | 27485 |
| 700 1# - ENTRADA SECUNDARIA - NOMBRES PERSONALES | |
| Nombre personal | Palmisano, Nicolas |
| 9 (RLIN) | 27486 |
| 908 ## - SOPORTE | |
| Soporte | Imp |
| 930 ## - ACCESION | |
| Numero de accesion (NR) | 12254 |
| 942 ## - FUENTE DE CLASIFICACION | |
| Clasificacion | Dewey Decimal Classification |
| Tipo de item | Libro |
| 945 ## - INFORMACION DE PROCESAMIENTO | |
| Codigo del operador | MIA |
| Fecha de ingreso o modificacion | 2025-10-03 |
| 980 ## - DECLARACIÓN DE EQUIVALENCIA O SERIE DE REFERENCIA CRUZADA - NOMBRE / TÍTULO PERSONAL [LOCAL, CANADÁ] | |
| Código del operador | 1 |
| Nombre del operador | Maricel Allasia |
| Código del operador que modifico el registro | 5 |
| Nombre del operador que modifico el registro | María Machado |
| Estado retiro | Estado perdido | Sistema de clasificacion | Estado general | Restricciones de uso | Biblioteca de origen | Ubicacion actual | Localizacion en estante | Fecha de adquisicion | Fuente de adquisicion | Prestamos totales | Signatura y librística | Proveedor | Numero de ejemplar | Tipo de elemento KOHA | Nota no publica |
|---|---|---|---|---|---|---|---|---|---|---|---|---|---|---|---|
| Disponible | Disponible | cdu | No dañado | Ningun uso de restricciones | Arq. Hilarión H. Larguia | Arq. Hilarión H. Larguia | Ref | 03/10/2025 | Don | 72.036 G943 | 18390 | ej. 1 | Libro |